00571nam a22001937a 4500003000500000005001700005008004100022010001000063011001000073035001000083040000900093111006700102245001300169260005400182300002000236650002800256650003600284710005700320CHAP20220329134847.0971013s r 10010 d a27055 a28027 a32128 cCHAP00aCongreso Nacional Agronómico (n6d: 1975c: México, D.F.) aMemorias a(s.l.) :bSociedad Agronómica Mexicana,c(s.a.) a112 p.b: ilus.14aAgriculturaxCongresos.14aAgriculturaxCongresoszMexico.0 aColegio de Ingenieros Agrónomos de México, A. C.